000 00200nam a2200085Ia 4500
008 170620s9999 xx 000 0 und d
100 _aMishra S. N.
245 4 _aThe indian Penal code
260 _bCentral Law Pub.
260 _c2001
999 _c28563
_d28563